Bojnický zámok

Zobrazenie:

Bibliographic Details
Other Authors: Slivka, Dušan, 1944- (Photographer)
Format: Photo
Language:Slovak
PhysicalDescription:1 pohľadnica (4 čiastkové pohľady) farebná 11 x 15 cm
Published: Bratislava ČSTK-Pressfoto 1991
Subjects:

MARC

LEADER 00000ckm a2200000 a 4500
001 vtls001211109
003 SK-MaSNL
005 20260331203653.0
007 kf co
008 180703s1991 xo g 0kuslo
015 |a SNBG1991 
035 |a SNK000154183 
040 |a SNK  |b slo  |c SNK  |e AACR2 
041 0 |a slo 
043 |a e-xo--- 
044 |a xo  |c SK 
072 7 |a 913  |x Regionálna geografia  |2 konspekt 
080 |a 904(084.121)  |2 2011 
080 |a 913(437.6)  |2 2011 
100 1 |a Slivka, Dušan,  |d 1944-  |4 pht  |9 249825 
245 1 0 |a Bojnický zámok  |h grafika  |c foto D. Slivka ; grafický návrh J. Smola 
246 1 |i Názov na adresnej časti:  |a Bojnický zámok, národná kultúrna pamiatka 
246 1 |i Názov na adresnej časti:  |a Interiéry zámku 
246 1 |i Názov na adresnej časti:  |a Zlatá sála, detail stropu 
260 |a Bratislava  |b ČSTK-Pressfoto  |c 1991  |e Skalica  |f Grafobal 
300 |a 1 pohľadnica (4 čiastkové pohľady)  |b farebná  |c 11 x 15 cm 
500 |a Názvové údaje prevzaté z obrazovej časti pohľadnice 
500 |a Na adresnej časti uvedené: "Foto © D. Slivka" 
500 |a Na adresnej časti uvedené: "Grafický návrh © J. Smola" 
520 8 |a Zobrazenie: 
651 7 |a Bojnice (Slovensko)  |2 SNKPHgeo  |9 30288 
655 7 |a pohľadnice kultúrnych pamiatok  |2 SNKPH  |9 70523 
655 7 |a miestne pohľadnice  |2 SNKPH  |9 70510 
700 1 |a Smola, Jozef  |c (grafik)  |4 art  |9 283315 
958 |a GBN 
958 |a GC 
958 |a OND 
999 |c 930113  |d 932043 
952 |a SNK  |b SNK  |y PREZ  |7 0  |p 17A1281124  |o snkSP 146072  |i snk2509/91  |0 0  |1 0  |4 0  |d 2021-05-14  |l 0  |r 2026-02-24 08:45:46  |w 2026-02-24 
952 |a SNK  |b SNK  |y PREZ  |7 0  |p 17A1281123  |o snkSP 146072 D1  |i snk2510/91  |0 0  |1 0  |4 0  |d 2021-05-14  |l 0  |r 2026-02-24 08:45:46  |w 2026-02-24